000 00645nam a2200253Ia 4500
005 20250425160704.0
008 250425s9999 xx 000 0 und d
020 _a9978860029
041 _aspa
043 _aec
082 _a928.866
100 _aCEVALLOS GARCIA, GABRIEL.
245 0 _aVISION TEORICA DEL ECUADOR: SINTESIS DE LA HISTORIA
250 _a1A ED.
260 _aEcuador
_bCORPORACION DE ESTUDIOS Y PUBLICACIONES
_c1989
260 _aQUITO
300 _a625
650 _aECUADOR-HISTORIA
650 _aECUADOR-HISTORIA
650 _aQUITO-HISTORIA
650 _aQUITO-HISTORIA
942 _c01
010 _a2339
999 _c194134
_d194134